| 000 | 01213nam a22002297a 4500 | ||
|---|---|---|---|
| 999 |
_c7625 _d7625 |
||
| 001 | 991026831649706706 | ||
| 003 | OSt | ||
| 005 | 20211228105748.0 | ||
| 007 | t | ||
| 008 | 020529s2002 sp a 000 0bspa c | ||
| 017 | _aM-12102-2000 | ||
| 035 | _a(ES-BaCBU).b47146357 | ||
| 040 |
_aES-BaCBU _bcat _cCDMR |
||
| 245 | 0 | 0 |
_aDifusión de la prensa en España _h[Fitxer informàtic] _b: toda la difusión certificada y garantizada por OJD de la prensa escrita (1995-2001) y de los medios electrónicos en Internet (1997-2001) / _cOficina de Justificación de la Difusión |
| 260 |
_aBarcelona : _bOJD. Oficina de Justificación de la Difusión, _ccop. 2002 |
||
| 300 |
_a1 CD-ROM ; _c12 cm + _e1 guia de l'usuari ([2] p.) |
||
| 500 | _aRequeriments del sistema: Ordinador PC o compatible, Pentium 100 MHz o superior ; 16 MB de RAM ; Quicktime 3.0 per a Windows 95 ; targeta de so de 16 bits, compatible Soundblaster ; lector de CD-ROM, mínim 8x ; monitor amb resolució mínima 640x480, amb capacitat de color d'alta densitat (16 bits) | ||
| 710 | 2 | _aOficina de Justificación de la Difusión. | |
| 907 |
_a.b47146357 _b22-01-21 _c17-12-10 _d17-12-10 _em _fa _g- _hspa _isp _j0 _k1 |
||
| 908 | _aURL | ||
| 942 |
_2udc _cADV |
||